Countries Closest to an Unknown Country A-Z #11 - Statistics

General Stats
  • This quiz has been taken 36 times
  • The average score is 23 of 25
Answer Stats
Hint Country % Correct
O Oman
100%
Q Qatar
100%
Y Yemen
100%
Z Zambia
100%
F France
97%
J Jordan
97%
E Egypt
94%
G Germany
94%
R Romania
94%
B Belarus
91%
C Czechia
91%
H Hungary
91%
I Italy
91%
L Lithuania
91%
U Ukraine
91%
D Denmark
88%
K Kuwait
88%
P Poland
88%
S Slovenia
88%
V Vatican City
88%
A Austria
85%
M Moldova
85%
N Netherlands
85%
SLOVAKIA
70%
T Tusnia
70%
No matching quizzes found
Score Distribution
Percent of People with Each Score
Percentile by Number Answered
Your Score History
You have not taken this quiz